[Event "COL-ch Students"]
[Site "Santa Fe"]
[Date "2023.09.24"]
[Round "3"]
[White "Ducuara Alape, Ronaldo"]
[Black "Gonzalez Delgado, Hugo Andres"]
[Result "0-1"]
[WhiteElo "1601"]
[BlackElo "1945"]
[PlyCount "86"]
[EventDate "2023.09.23"]
[EventType "swiss"]
[EventRounds "6"]
[EventCountry "COL"]
[SourceTitle "EXT 2024"]
[Source "ChessBase"]
[SourceDate "2023.10.10"]
[SourceVersion "1"]
[SourceVersionDate "2023.10.10"]
[SourceQuality "1"]

1. e4 e6 2. d4 d5 3. Nd2 Nf6 4. Bd3 c5 5. c3 Nc6 6. Ngf3 cxd4 7. cxd4 Nb4 8. Bb1 dxe4 9. Nxe4 Nbd5 10. 0-0 Be7 11. Nc3 0-0 12. a3 b6 13. Bg5 Bb7 14. Re1 Rc8 15. Qd3 g6 16. Bh6 Re8 17. Ne5 Bf8 18. Bg5 Be7 19. Qh3 Nh5 20. Bxe7 Rxe7 21. Nxd5 Bxd5 22. Qe3 Rec7 23. Be4 Bxe4 24. Qxe4 Nf6 25. Qf3 Kg7 26. Rad1 Qd5 27. Qf4 Rc2 28. g4 h6 29. h4 Qb7 30. Nf3 Qc7 31. Qxc7 R8xc7 32. Ne5 Rxb2 33. Rc1 Rbc2 34. Rxc2 Rxc2 35. Re3 Nd5 36. Rd3 Nf4 37. Rf3 g5 38. Kh2 f6 39. Nd7 Rc8 40. hxg5 hxg5 41. Rb3 Rd8 42. Nc5 Rh8+ 43. Kg1 Ne2+ 0-1

[Event "Neiva Ascun Nodo op"]
[Site "Neiva"]
[Date "2023.04.01"]
[Round "4"]
[White "Diaz Sarrias, Juan Sebastian"]
[Black "Ducuara Alape, Ronaldo"]
[Result "0-1"]
[WhiteElo "1600"]
[BlackElo "1601"]
[PlyCount "58"]
[EventDate "2023.03.30"]
[EventType "swiss"]
[EventRounds "6"]
[EventCountry "COL"]
[SourceTitle "CBM 213 Extra"]
[Source "ChessBase"]
[SourceDate "2023.05.31"]
[SourceVersion "1"]
[SourceVersionDate "2023.05.31"]
[SourceQuality "1"]

1. c4 Nf6 2. Nc3 g6 3. g3 Bg7 4. Bg2 e5 5. e4 Nc6 6. Nge2 d6 7. h3 0-0 8. 0-0 a5 9. d3 Nd7 10. f3 Nc5 11. Be3 Ne6 12. g4 Ned4 13. Bxd4 Nxd4 14. Nxd4 exd4 15. Ne2 f5 16. Ng3 fxg4 17. fxg4 Be5 18. Rxf8+ Qxf8 19. Ne2 Be6 20. Qf1 Qe7 21. Bh1 Rf8 22. Qg2 Qg5 23. Rf1 Qe3+ 24. Rf2 Rxf2 25. Qxf2 Qxd3 26. b3 Qb1+ 27. Kg2 Qxa2 28. Nc1 Qb1 29. Qe1 Bf4 0-1

[Event "COL Intercollegiate-ch"]
[Site "Manizales"]
[Date "2022.04.28"]
[Round "5.8"]
[White "Rivera Cabrera, Andreu"]
[Black "Ducuara Alape, Ronaldo"]
[Result "0-1"]
[WhiteElo "1535"]
[BlackElo "1634"]
[PlyCount "48"]
[EventDate "2022.04.26"]
[EventType "swiss"]
[EventRounds "7"]
[EventCountry "COL"]
[SourceTitle "EXT 2023"]
[Source "ChessBase"]
[SourceDate "2022.10.05"]
[SourceVersion "1"]
[SourceVersionDate "2022.10.05"]
[SourceQuality "1"]

1. e4 e5 2. Nf3 Nc6 3. Nc3 Nf6 4. d4 exd4 5. Nxd4 d6 6. Bb5 Bd7 7. Bxc6 bxc6 8. Qf3 c5 9. Nf5 Bxf5 10. Qxf5 Be7 11. 0-0 0-0 12. Bf4 Rb8 13. b3 g6 14. Qh3 Re8 15. Bg5 Nxe4 16. Bxe7 Rxe7 17. Nd5 Re5 18. Ne3 Rh5 19. Qg4 Rb4 20. Qe2 Rd4 21. f3 Rd2 22. Qc4 d5 23. Nxd5 Qh4 24. h3 Rxg2+ 0-1

[Event "Tolima Deportivo op"]
[Site "Tolima"]
[Date "2021.11.15"]
[Round "6"]
[White "Hurtado Sarmiento, Juan Sebastian"]
[Black "Ducuara Alape, Ronaldo"]
[Result "1-0"]
[WhiteElo "1918"]
[BlackElo "1576"]
[PlyCount "100"]
[EventDate "2021.11.12"]
[EventType "swiss"]
[EventRounds "7"]
[EventCountry "COL"]
[SourceTitle "CBM 205 Extra"]
[Source "ChessBase"]
[SourceDate "2022.01.31"]
[SourceVersion "1"]
[SourceVersionDate "2022.01.31"]
[SourceQuality "1"]

1. e4 e5 2. Nf3 Nc6 3. Bb5 g6 4. 0-0 Bg7 5. c3 Nge7 6. d4 exd4 7. cxd4 a6 8. Bc4 b5 9. Bb3 0-0 10. d5 Na5 11. Bc2 d6 12. h3 Bb7 13. Nc3 Rc8 14. a4 c6 15. dxc6 Bxc6 16. axb5 axb5 17. Nd4 b4 18. Nxc6 Naxc6 19. Nb5 d5 20. exd5 Qxd5 21. Qxd5 Nxd5 22. Bb3 Nde7 23. Rd1 Rb8 24. Nd6 Nd4 25. Bc4 Rbd8 26. Bf4 Nef5 27. Nxf5 gxf5 28. Bg5 Rc8 29. Bd3 Ne6 30. Be7 Bxb2 31. Rab1 Rfe8 32. Bxb4 Bd4 33. Bxf5 Rc4 34. Bd3 Rcc8 35. Bb5 Red8 36. Be7 Rd5 37. Ba4 Nc5 38. Bc2 Rd7 39. Bf5 Ne6 40. Bf6 Rcd8 41. Bxd8 Rxd8 42. Rd2 Bf6 43. Rxd8+ Nxd8 44. Rb6 Kg7 45. Bxh7 Bd4 46. Rd6 Ne6 47. Bf5 Be5 48. Rd5 Kf6 49. Bxe6 Kxe6 50. Rxe5+ Kxe5 1-0

[Event "Tolima Departament-ch U18"]
[Site "Tolima"]
[Date "2020.01.09"]
[Round "5"]
[White "Ducuara Alape, Ronaldo"]
[Black "Diaz, Luisa Fernanda"]
[Result "1-0"]
[WhiteElo "1533"]
[BlackElo "1690"]
[PlyCount "93"]
[EventDate "2020.01.07"]
[EventType "swiss"]
[EventRounds "5"]
[EventCountry "COL"]
[SourceTitle "CBM 195 Extra"]
[Source "ChessBase"]
[SourceDate "2020.05.31"]
[SourceVersion "1"]
[SourceVersionDate "2020.05.31"]
[SourceQuality "1"]

1. e4 c5 2. Nf3 e6 3. d4 cxd4 4. Nxd4 a6 5. Nc3 Qc7 6. a3 b5 7. Be3 Bb7 8. Be2 b4 9. axb4 Bxb4 10. Qd3 Nf6 11. f3 d5 12. exd5 Nxd5 13. Bd2 Nxc3 14. Bxc3 Bxc3+ 15. bxc3 0-0 16. 0-0 Nd7 17. Qd2 Rfc8 18. Rfb1 Nf6 19. Bd3 a5 20. Nb5 Qc5+ 21. Kh1 Rd8 22. c4 Qxc4 23. Rxa5 Rxa5 24. Qxa5 Qd5 25. Qb4 Bc6 26. Nc3 Qh5 27. Qb6 Rxd3 28. cxd3 Be8 29. Ne4 Nxe4 30. dxe4 e5 31. Qd8 f6 32. Rb8 Kf8 33. Qd6+ Kf7 34. Rb7+ Kg6 35. Qe7 Kg5 36. Qxg7+ Qg6 37. Qxh7 Qxh7 38. Rxh7 Kg6 39. Re7 Bc6 40. h3 Kg5 41. g3 Kg6 42. Kg2 Kg5 43. h4+ Kg6 44. g4 Bb5 45. Kg3 Bd3 46. h5+ Kh6 47. Rf7 1-0

[Event "COL Intercollegiate-ch U14"]
[Site "Paipa"]
[Date "2019.12.12"]
[Round "3"]
[White "Ducuara Alape, Ronaldo"]
[Black "Gutierrez Pama, Andres Mauricio"]
[Result "0-1"]
[WhiteElo "1475"]
[BlackElo "1386"]
[PlyCount "66"]
[EventDate "2019.12.11"]
[EventType "swiss"]
[EventRounds "7"]
[EventCountry "COL"]
[SourceTitle "CBM 193 Extra"]
[Source "ChessBase"]
[SourceDate "2020.01.31"]
[SourceVersion "1"]
[SourceVersionDate "2020.01.31"]
[SourceQuality "1"]

1. e4 e5 2. Nf3 Nc6 3. Bb5 a6 4. Ba4 d6 5. c3 Bd7 6. 0-0 Nf6 7. Re1 Be7 8. d4 exd4 9. cxd4 0-0 10. Nc3 Bg4 11. Be3 Kh8 12. h3 Bh5 13. Rc1 Nd7 14. Nd5 f5 15. exf5 Rxf5 16. Nxe7 Bxf3 17. gxf3 Nxe7 18. Bc2 Rh5 19. Kh2 Nf5 20. Rg1 Qf6 21. f4 Rh4 22. Qf3 Nxd4 23. Qxb7 Rf8 24. Qe4 Ne2 25. Rg4 Qd8 26. Re1 Nf6 27. Qf3 Nxg4+ 28. Kg2 Nxe3+ 29. fxe3 Nxf4+ 30. exf4 Rhxf4 31. Qd3 Rf2+ 32. Kh1 Qh4 33. Bd1 Qf4 0-1

[Event "COL Intercollegiate-ch U14"]
[Site "Paipa"]
[Date "2019.12.12"]
[Round "5"]
[White "Ducuara Alape, Ronaldo"]
[Black "Restrepo Benitez, Marlon Julian"]
[Result "1-0"]
[WhiteElo "1475"]
[BlackElo "1627"]
[PlyCount "69"]
[EventDate "2019.12.11"]
[EventType "swiss"]
[EventRounds "7"]
[EventCountry "COL"]
[SourceTitle "CBM 193 Extra"]
[Source "ChessBase"]
[SourceDate "2020.01.31"]
[SourceVersion "1"]
[SourceVersionDate "2020.01.31"]
[SourceQuality "1"]

1. e4 g6 2. Nf3 d6 3. d4 Bg7 4. Nc3 Nd7 5. Be3 a6 6. a3 b5 7. Qd2 Bb7 8. 0-0-0 c5 9. dxc5 Nxc5 10. Bxc5 dxc5 11. Qxd8+ Rxd8 12. Rxd8+ Kxd8 13. Nd2 Nf6 14. f3 Kc7 15. Be2 Rd8 16. Rd1 Bh6 17. g3 Bc6 18. e5 Nd5 19. Nxd5+ Rxd5 20. f4 g5 21. Bf3 Rxd2 22. Kxd2 Bxf3 23. Rf1 Bd5 24. c3 Kd7 25. b4 Kc6 26. Rf2 Bc4 27. Ke3 Kd5 28. Rd2+ Kc6 29. Rd8 cxb4 30. axb4 Be6 31. Re8 Kd5 32. Rxe7 gxf4+ 33. gxf4 Kc4 34. Rc7+ Kd5 35. Rc5# 1-0

[Event "COL Intercollegiate-ch U14"]
[Site "Paipa"]
[Date "2019.12.12"]
[Round "4"]
[White "Sanchez Zapata, Jhojan Felipe"]
[Black "Ducuara Alape, Ronaldo"]
[Result "0-1"]
[WhiteElo "1422"]
[BlackElo "1475"]
[PlyCount "62"]
[EventDate "2019.12.11"]
[EventType "swiss"]
[EventRounds "7"]
[EventCountry "COL"]
[SourceTitle "CBM 193 Extra"]
[Source "ChessBase"]
[SourceDate "2020.01.31"]
[SourceVersion "1"]
[SourceVersionDate "2020.01.31"]
[SourceQuality "1"]

1. e4 e5 2. Bc4 Nf6 3. Nf3 Nc6 4. Ng5 d5 5. exd5 Nxd5 6. Nxf7 Kxf7 7. Qf3+ Qf6 8. Bxd5+ Ke8 9. Bxc6+ bxc6 10. Qxf6 gxf6 11. Nc3 Rg8 12. g3 Bb7 13. d3 Kf7 14. f4 Re8 15. Ne4 c5 16. f5 c4 17. Rg1 Rd8 18. Ke2 cxd3+ 19. cxd3 Ba6 20. Rd1 Rd4 21. Nf2 e4 22. Ke3 Bc5 23. Rd2 exd3 24. b3 Re8+ 25. Kf3 Bb7+ 26. Ne4 Rdxe4 27. Kg2 Bb4 28. Kh3 Bxd2 29. Bxd2 Re2 30. Bb4 Bg2+ 31. Kh4 R8e4+ 0-1

[Event "COL-ch Superate Intercol U14"]
[Site "Barranquilla"]
[Date "2018.11.21"]
[Round "7.6"]
[White "Ascanio Lugo, Juan Pablo"]
[Black "Ducuara Alape, Ronaldo"]
[Result "1-0"]
[WhiteElo "1416"]
[BlackElo "1519"]
[PlyCount "114"]
[EventDate "2018.11.19"]
[EventType "swiss"]
[EventRounds "7"]
[EventCountry "COL"]
[SourceTitle "EXT 2024"]
[Source "ChessBase"]
[SourceDate "2023.10.10"]
[SourceVersion "1"]
[SourceVersionDate "2023.10.10"]
[SourceQuality "1"]

1. e4 e5 2. Nf3 Nc6 3. Bc4 Bc5 4. 0-0 Nf6 5. d3 d6 6. c3 Bg4 7. Bg5 0-0 8. Nbd2 h6 9. Be3 Bb6 10. b4 d5 11. Bxb6 axb6 12. Bb3 d4 13. cxd4 Nxd4 14. h3 Bxf3 15. Nxf3 Qd6 16. Nxd4 Qxd4 17. a3 Rfd8 18. Bc4 c6 19. b5 Ra5 20. Qb3 Qd7 21. bxc6 bxc6 22. Qxb6 Raa8 23. f4 exf4 24. Rxf4 Qd6 25. Rff1 Rab8 26. Qe3 Qe5 27. Qf4 Qd4+ 28. Kh1 Re8 29. Rae1 Re5 30. Qe3 Qd6 31. Qa7 Re7 32. e5 Qd8 33. Qa6 Rb6 34. Qa5 Nd5 35. Bxd5 cxd5 36. Rb1 Rb8 37. Rxb8 Qxb8 38. Qxd5 Qxe5 39. Qxe5 Rxe5 40. Kg1 Rd5 41. Rd1 f6 42. d4 Kf7 43. Kf2 Ke6 44. Ke3 Ra5 45. d5+ Kd6 46. Rd3 g6 47. h4 h5 48. g3 Ra4 49. Kd2 Rc4 50. Rc3 Rd4+ 51. Kc2 Rxd5 52. Rd3 g5 53. Rxd5+ Kxd5 54. Kd3 g4 55. Ke3 Ke5 56. a4 f5 57. a5 Kd5 1-0

[Event "COL-ch Superate Intercol U14"]
[Site "Barranquilla"]
[Date "2018.11.21"]
[Round "6.9"]
[White "Ducuara Alape, Ronaldo"]
[Black "Ferrer Argote, Daniel Jose"]
[Result "1-0"]
[WhiteElo "1519"]
[BlackElo "1500"]
[PlyCount "35"]
[EventDate "2018.11.19"]
[EventType "swiss"]
[EventRounds "7"]
[EventCountry "COL"]
[SourceTitle "EXT 2024"]
[Source "ChessBase"]
[SourceDate "2023.10.10"]
[SourceVersion "1"]
[SourceVersionDate "2023.10.10"]
[SourceQuality "1"]

1. e4 e5 2. Nf3 Nc6 3. Bb5 Nf6 4. d3 Nd4 5. Ba4 b5 6. Bb3 Nxb3 7. axb3 Bc5 8. Nc3 b4 9. Ne2 d6 10. Ng3 0-0 11. 0-0 Bg4 12. h3 Bh5 13. Bg5 Bg6 14. Nh2 h6 15. Bh4 Bh7 16. Ng4 Kh8 17. Nxf6 gxf6 18. Qf3 1-0

[Event "COL-ch Superate Intercol U14"]
[Site "Barranquilla"]
[Date "2018.11.19"]
[Round "2.1"]
[White "Ducuara Alape, Ronaldo"]
[Black "Lopez Ramirez, David Santiago"]
[Result "0-1"]
[WhiteElo "1519"]
[BlackElo "1853"]
[PlyCount "96"]
[EventDate "2018.11.19"]
[EventType "swiss"]
[EventRounds "7"]
[EventCountry "COL"]
[SourceTitle "EXT 2024"]
[Source "ChessBase"]
[SourceDate "2023.10.10"]
[SourceVersion "1"]
[SourceVersionDate "2023.10.10"]
[SourceQuality "1"]

1. e4 c6 2. d4 d5 3. e5 Bf5 4. Nf3 e6 5. Be2 Nd7 6. c3 Ne7 7. 0-0 c5 8. a3 c4 9. b4 cxb3 10. Qxb3 Qb6 11. Nbd2 Nc6 12. Bb2 Be7 13. Rfc1 Na5 14. Qb5 a6 15. Qxb6 Nxb6 16. a4 0-0 17. h3 Rfc8 18. g4 Bg6 19. Kg2 Rc6 20. h4 h5 21. g5 Rac8 22. Ne1 Nbc4 23. Bxc4 Nxc4 24. Nxc4 Rxc4 25. Kg3 Bd8 26. Ng2 b5 27. axb5 axb5 28. Nf4 Bb6 29. Ne2 Kh7 30. Kf3 R8c7 31. Ke3 b4 32. cxb4 Rxb4 33. Rxc7 Bxc7 34. Bc3 Rc4 35. f4 Be4 36. Rc1 Bb6 37. Bd2 Ra4 38. Bc3 Ra3 39. Ra1 Rb3 40. Kd2 Kg6 41. Ng3 Bf5 42. Rg1 Bxd4 43. Bxd4 Rd3+ 44. Ke2 Rxd4 45. Nxf5 Kxf5 46. Ke3 Re4+ 47. Kf3 Rxf4+ 48. Ke3 Rxh4 0-1

[Event "Ortega op 5th"]
[Site "Ortega"]
[Date "2015.06.14"]
[Round "6"]
[White "Pinillo Canon, Silvana"]
[Black "Ducuara Alape, Ronaldo"]
[Result "1/2-1/2"]
[WhiteElo "1595"]
[BlackElo "1607"]
[PlyCount "55"]
[EventDate "2015.06.12"]
[EventType "swiss"]
[EventRounds "7"]
[EventCountry "COL"]
[SourceTitle "CBM 167 Extra"]
[Source "ChessBase"]
[SourceDate "2015.09.14"]
[SourceVersion "1"]
[SourceVersionDate "2015.09.14"]
[SourceQuality "1"]

1. e4 e5 2. Nf3 Nc6 3. Bb5 Nf6 4. 0-0 a6 5. Ba4 b5 6. Bb3 Bc5 7. Re1 0-0 8. c3 d6 9. d4 exd4 10. cxd4 Bb6 11. h3 h6 12. Bc2 Re8 13. b3 Bb7 14. Bb2 Qd7 15. d5 Ne5 16. Nbd2 Ba5 17. Re2 Rad8 18. Nxe5 dxe5 19. Nf3 Qd6 20. Re3 Bb6 21. Re2 Nh5 22. Bc1 Bc8 23. Be3 Qf6 24. Bxb6 cxb6 25. Re3 Nf4 26. Nh2 Rd6 27. Rf3 Qh4 28. Rg3 1/2-1/2

[Event "Ortega op 5th"]
[Site "Ortega"]
[Date "2015.06.13"]
[Round "3"]
[White "Ducuara Alape, Ronaldo"]
[Black "Gomez Barrero, Sergio"]
[Result "0-1"]
[WhiteElo "1607"]
[BlackElo "2047"]
[PlyCount "60"]
[EventDate "2015.06.12"]
[EventType "swiss"]
[EventRounds "7"]
[EventCountry "COL"]
[SourceTitle "CBM 167 Extra"]
[Source "ChessBase"]
[SourceDate "2015.09.14"]
[SourceVersion "1"]
[SourceVersionDate "2015.09.14"]
[SourceQuality "1"]

1. e4 e6 2. d4 d5 3. Nd2 Nf6 4. e5 Nfd7 5. Ngf3 c5 6. c3 a6 7. Bd3 Nc6 8. 0-0 h6 9. Re1 Be7 10. Nf1 Qb6 11. Bc2 f5 12. exf6 Nxf6 13. Bg6+ Kd8 14. Ne5 Nxe5 15. dxe5 Ne8 16. Ne3 Bd7 17. Nc2 Kc7 18. b4 Rd8 19. a4 a5 20. Be3 axb4 21. cxb4 Qa7 22. Qc1 Kb8 23. bxc5 Bxc5 24. Bxc5 Qxc5 25. Qb2 Rf8 26. Nd4 Rf4 27. Rab1 Qa7 28. Nf3 Rxa4 29. Ra1 Nc7 30. Nd4 Qxd4 0-1

[Event "COL-ch U10"]
[Site "Medellin"]
[Date "2015.05.01"]
[Round "6.2"]
[White "Mercado Tapias, Juan Diego"]
[Black "Ducuara Alape, Ronaldo"]
[Result "1-0"]
[WhiteElo "1656"]
[BlackElo "1503"]
[PlyCount "71"]
[EventDate "2015.04.28"]
[EventType "swiss"]
[EventRounds "9"]
[EventCountry "COL"]
[SourceTitle "EXT 2024"]
[Source "ChessBase"]
[SourceDate "2023.10.10"]
[SourceVersion "1"]
[SourceVersionDate "2023.10.10"]
[SourceQuality "1"]

1. e4 e5 2. Nf3 Nc6 3. d4 exd4 4. Nxd4 Bc5 5. Nxc6 bxc6 6. Nc3 Nf6 7. Bd3 0-0 8. Bg5 Re8 9. 0-0 h6 10. Bh4 Be7 11. Qf3 Nh7 12. Bxe7 Qxe7 13. e5 Ng5 14. Qg4 d6 15. Qd1 dxe5 16. Re1 Bd7 17. f4 Qc5+ 18. Kh1 exf4 19. Ne4 Nxe4 20. Bxe4 Rad8 21. Qf3 Qe5 22. Bh7+ Kxh7 23. Rxe5 Rxe5 24. Qxf4 Rde8 25. Rf1 Rf5 26. Qc1 Rxf1+ 27. Qxf1 Kg8 28. Kg1 Rb8 29. Qd3 Be6 30. b3 g6 31. Qd4 Ra8 32. Qe4 Bd5 33. Qe7 Rc8 34. Qd7 Be6 35. Qxc6 a5 36. Qa6 1-0

[Event "COL-ch U10"]
[Site "Medellin"]
[Date "2015.04.29"]
[Round "2.2"]
[White "Ducuara Alape, Ronaldo"]
[Black "Lopez Ramirez, David Santiago"]
[Result "0-1"]
[WhiteElo "1503"]
[BlackElo "1724"]
[PlyCount "62"]
[EventDate "2015.04.28"]
[EventType "swiss"]
[EventRounds "9"]
[EventCountry "COL"]
[SourceTitle "EXT 2024"]
[Source "ChessBase"]
[SourceDate "2023.10.10"]
[SourceVersion "1"]
[SourceVersionDate "2023.10.10"]
[SourceQuality "1"]

1. e4 e5 2. Nf3 Nc6 3. Bc4 Bc5 4. b4 Bb6 5. c3 d6 6. a4 a6 7. d4 Nf6 8. Bg5 h6 9. Bh4 g5 10. Bg3 Nxe4 11. 0-0 Nxg3 12. hxg3 d5 13. Ba2 e4 14. Ne5 Nxe5 15. dxe5 Be6 16. Nd2 h5 17. Nb3 g4 18. Nd4 Bxd4 19. cxd4 h4 20. Rc1 e3 21. Qe2 exf2+ 22. Qxf2 hxg3 23. Qxg3 c6 24. Rf6 Qb6 25. Qf4 0-0-0 26. Qd2 Rh7 27. Qd3 Rdh8 28. Kf2 g3+ 29. Qxg3 Qxd4+ 30. Qe3 Qb2+ 31. Kg3 Rh3+ 0-1

[Event "COL-ch U10"]
[Site "Medellin"]
[Date "2015.04.28"]
[Round "1.4"]
[White "Jimenez Alvarado, Joseph"]
[Black "Ducuara Alape, Ronaldo"]
[Result "1-0"]
[WhiteElo "1718"]
[BlackElo "1503"]
[PlyCount "41"]
[EventDate "2015.04.28"]
[EventType "swiss"]
[EventRounds "9"]
[EventCountry "COL"]
[SourceTitle "EXT 2024"]
[Source "ChessBase"]
[SourceDate "2023.10.10"]
[SourceVersion "1"]
[SourceVersionDate "2023.10.10"]
[SourceQuality "1"]

1. e4 e6 2. d4 d5 3. e5 c5 4. c3 Nc6 5. Nf3 Be7 6. a3 f6 7. exf6 Nxf6 8. b4 0-0 9. bxc5 Qe8 10. Bd3 Bd8 11. 0-0 Qh5 12. Bf4 Ne4 13. Bd6 Rf6 14. Bxe4 dxe4 15. Ne5 Qh4 16. g3 Qh3 17. Qg4 Qh6 18. Qxe4 Nxe5 19. Bxe5 Rg6 20. c6 b6 21. c7 1-0

[Event "COL-ch School U11"]
[Site "Ibague"]
[Date "2014.11.23"]
[Round "6.8"]
[White "Hernandez, Jeronimo"]
[Black "Ducuara Alape, Ronaldo"]
[Result "0-1"]
[WhiteElo "1273"]
[BlackElo "1382"]
[PlyCount "55"]
[EventDate "2014.11.20"]
[EventType "swiss"]
[EventRounds "6"]
[EventCountry "COL"]
[SourceTitle "EXT 2024"]
[Source "ChessBase"]
[SourceDate "2023.10.10"]
[SourceVersion "1"]
[SourceVersionDate "2023.10.10"]
[SourceQuality "1"]

1. e4 e5 2. Nf3 Nc6 3. Bc4 Bc5 4. c3 Nf6 5. d4 exd4 6. e5 Ng8 7. cxd4 Bb4+ 8. Nc3 d5 9. exd6 cxd6 10. Bd5 Nf6 11. Bb3 0-0 12. a3 Ba5 13. Bc2 Re8+ 14. Be3 d5 15. 0-0 h6 16. b4 Bc7 17. b5 Ne7 18. Ne5 Bf5 19. f4 Rc8 20. Bxf5 Nxf5 21. Re1 Ba5 22. Qd3 Nxe3 23. Rxe3 Bxc3 24. Rc1 Ne4 25. Rf3 Bxd4+ 26. Qxd4 Rxc1+ 27. Rf1 Rxf1+ 28. Kxf1 0-1